Hnuteľné veci a daň z príjmov fyzickej osoby

Vymedzenie pojmu nehnuteľnosti podľa Občianského zákonníka. Príjmy súvisiace s používaním vlastných hnuteľných vecí na podnikanie a uplatniteľné výdavky. Veci používané v súvislosti s podnikaním nevložené do obchodného majetku. Ilustračné príklady.

Saved in:
Bibliographic Details
Main Author: Jarinkovičová, Valéria
Format: Book Chapter
Language:Slovak
Subjects:
Tags: Add Tag
No Tags, Be the first to tag this record!

MARC

LEADER 00000naa a2200000 4500
001 0251495
005 20190301121418.7
041 0 |a slo 
044 |a SK 
245 1 0 |a Hnuteľné veci a daň z príjmov fyzickej osoby  |c Valéria Jarinkovičová 
520 |a Vymedzenie pojmu nehnuteľnosti podľa Občianského zákonníka. Príjmy súvisiace s používaním vlastných hnuteľných vecí na podnikanie a uplatniteľné výdavky. Veci používané v súvislosti s podnikaním nevložené do obchodného majetku. Ilustračné príklady. 
610 2 0 |a dane z príjmov 
610 2 0 |a osoby fyzické 
610 2 0 |a nehnuteľnosti 
610 2 0 |a zákony 
610 2 0 |a majetok hmotný 
100 1 |a Jarinkovičová, Valéria